000 01430aam a2200325 i 4500
999 _c35041
_d35041
001 768714001
003 CO-MdFUSB
005 20200810170403.0
007 ta
008 200810t1989 -us |||| |||| 00| 0 spa d
020 _a082970366x
040 _bspa.
_aCO-MdFUSB
_cCO-MdFUSB
_dCO-MdFUSBC
_erda
041 _aspa
_heng
082 0 4 _223
_a235.4
_bL4335a
100 1 _aLea, Larry
_eautor
240 _a The weapons of your warfare
245 1 0 _aArmas para la lucha espiritual :
_bprepárese para derrotar al enemigo
_c/ Larry Lea ; traducido por Luis Bernal Lumpuy
264 1 _aEstados Unidos :
_bVida,
_c[1989]
264 4 _c© 1989
300 _a236 Páginas
_c; 18 cm
336 _atexto
_btxt
_2rdacontent
337 _2rdamedia
_asin mediación
_bn
338 _2rdacarrier
_avolumen
_bnc
505 _a¡Guerreros! -- Viviendo en la zona de guerra. -- Exploración: Reconociendo al enemigo. -- Alistamiento: La sangre de Jesucristo. -- Diana: Comenzando con oración. -- Poniéndose el uniforme: Toda la armadura de Dios. -- Poniéndose el uniforme; Toda la armadura de Dios. -- Marchando en el Espíritu: prefiriendo la alabanza. -- Nuestro grito de guerra: un buen testimonio. -- El combate: Atando al hombre fuerte. -- ¡Terminando con resolución!
563 _aRústico
650 7 _aTeología doctrinal
_9179
700 _94774
_aBernal Lumpuy, Luis.
_etraductor
942 _cBK
945 _aJTF-925